Nové dátové zdroje a inovácie v oficiálnych štatistikách

Gespeichert in:
Bibliographische Detailangaben
1. Verfasser: Knížat, Peter, 1980-
Format: Buchkapitel
Sprache:Slowakisch
Englisch
Schlagworte:
Tags: Tag hinzufügen
Keine Tags, Fügen Sie das erste Tag hinzu!

MARC

LEADER 00000naa$a2200000$$$4500
001 0308528
005 20250512091545.7
041 0 |a slo 
041 0 |a eng 
044 |a SK 
245 1 0 |a Nové dátové zdroje a inovácie v oficiálnych štatistikách  |c Peter Knížat 
500 |a Abstrakt 
610 2 0 |a inovácie technologické 
610 2 0 |a spolupráca vedecká 
610 2 0 |a štatistika 
610 2 0 |a dáta 
100 1 |a Knížat, Peter, 1980-